000 00873nmc a2200301 a 4500
003 AR-BaBNM
005 20251128205450.0
008 287119s1993 ||||||||||||||000 | spa||
020 _a987-99624-1-9
040 _cAR-BaBNM
100 1 _aWilhelm, Javier
245 1 0 _aPensando en elegir
_borientación vocacional y ocupacional
260 _aBuenos Aires
_bEdiciones El Hacedor
_c1993
300 0 _a32 p.
_bil., diagr.
490 0 _aLas cosas claras
650 4 _aSERVICIOS DE ORIENTACION
650 4 _aPSICOLOGOS ESCOLARES
650 4 _aTEORIAS DE LA ORIENTACION
650 4 _aORIENTACION PROFESIONAL
650 4 _aCURSOS DE ORIENTACION
653 0 _aORIENTACION VOCACIONAL
653 0 _aGABINETES PSICOPEDAGOGICOS
653 0 _aPSICOPEDAGOGOS
700 1 _aMonedero, FabiƔn
800 1 _aBombini, Gustavo
_edirector
942 _cBK
998 _csilvi
999 _c11512
_d11512